000 01997nam a2200289Ia 4500
001 H0908
003 IT-RoPAU
008 130308s9999 xx 000 0 und d
040 _aIT-RoPAU
040 _cIT-RoPAU
041 _aITALIANO
100 _aManni Alberto
100 _gCodice Aut. SPICS: 56512
245 _aWireless communication. Evoluzione della comunicazione mobile personale dal gsm all'umts
245 _bWireless Communication. Evoluzione della Comunicazione mobile Personale dal Gsm All'Umts
250 _a1a ed.
260 _aBOLOGNA
260 _bCalderini
260 _c2002 [1° Ed.:2002 - Ed.Ling.Originale:2002]
300 _a"460 p. (prefazione: 18; testo: 442 [pagine: 0-0])"
500 _a"Guida Alla Lettura. telefonia senza Fili. sistemi Radiomobili. Prestazionidi Mobilita': copertura cellulare del Territorio; Struttura e Funzionalità di una Generica Plmn. interfaccia Radio. Propagazione in Ambiente Radiomobile. Trasferimento dei Dati in una Rete di Tlc. Telefonino All'Orecchio: Problemi Sanitari ed Etici. Standard Gsm: interfaccia Radio; Architettura della Rete e Protocolli: Sottosistema di Stazione Bss, Sottosistema di Rete Nss, Sottosistema di Controllo Oss, interfacce a e A(Bis), procedure di Controllo tra I nodi della Rete Gsm, gerarchie di Aree. Gsm: procedure e Servizi: Sim Card, Msisdn, gestione di Imsi e Tmsi. telefonia Cordless e Standarddect. Architettura del Sistema Dect. Standard Tetra per reti Radiomobili Private. Sviluppi Dello Standard Gsm: fasi 2 e 2+. Evoluzione Verso la Terzagenerazione: Prima e seconda Generazione Cellulare; Evoluzione della Tecnica Cdma; prospettive di globalizzazione Imt2000 e Umts; Umts: Sistema Universale per le Telecomunicazioni Mobili; Ulteriori soluzioni Sistemistiche per la 3G; Ultima Nata Fra le tecnologie Wireless: Bluetooth. Acronimi. Bibliografia."
650 _aTECNICA DELLA MULTIMEDIALITA'
650 _eCodice materia Spics: 4252
942 _cBK
957 _71
999 _c90055
_d90055
999 _g1